[Event "NM for klubblag 2019"]
[Site "Scandic Ambassadeur, Drammen"]
[Date "2019.05.30"]
[Round "5"]
[White "Heggelund, Audun"]
[Black "Eiding, Amanda Mai Irgens"]
[Result "1-0"]
[WhiteElo "1664"]
[BlackElo "1626"]
[PlyCount "57"]
[EventDate "2019.??.??"]

1. c4 e5 2. g3 Nc6 3. Bg2 Bc5 4. Nc3 d6 5. e3 a6 6. Nge2 Ba7 7. O-O h5 8. h3 h4
9. g4 f5 10. f3 Qg5 11. Kh1 e4 12. Nd5 Bb8 13. f4 Qg6 14. g5 Nce7 15. Nxe7 Nxe7
16. b3 Ba7 17. Bb2 Nc6 18. a3 Be6 19. d4 d5 20. Rc1 Qf7 21. c5 O-O 22. Bc3 Bd7
23. Rg1 Ne7 24. Bf1 Qh5 25. Be1 Qf3+ 26. Kh2 Qxe3 27. Rc3 Qxc3 28. Nxc3 Bxc5
29. dxc5 1-0

[Event "NM for klubblag 2019"]
[Site "Scandic Ambassadeur, Drammen"]
[Date "2019.05.30"]
[Round "5"]
[White "Morad, Hassen M"]
[Black "Utseth, Mikhail"]
[Result "1-0"]
[WhiteElo "1594"]
[BlackElo "1605"]
[PlyCount "75"]
[EventDate "2019.??.??"]

1. d4 Nf6 2. c4 e6 3. Nf3 d5 4. Nc3 Bb4 5. cxd5 Nxd5 6. Qc2 Nc6 7. e4 Nde7 8.
Be3 Ba5 9. a3 O-O 10. Bc4 Bb6 11. Rd1 Ng6 12. h4 Re8 13. h5 Nf8 14. h6 g6 15.
d5 exd5 16. Bxd5 Qe7 17. Bg5 Qc5 18. b4 Nxb4 19. axb4 Qxb4 20. Kf1 Ne6 21. Bf6
c6 22. Ba2 Nc5 23. Ng5 Be6 24. Nxe6 Nxe6 25. e5 Qc5 26. Rd2 Bd8 27. Ne4 Qb5+
28. Bc4 Qb4 29. Qd3 Ba5 30. Rd1 Nf4 31. Bxf7+ Kxf7 32. Qd7+ Re7 33. Nd6+ Qxd6
34. Qxd6 Rc7 35. Bd8 Ne6 36. Bxc7 Bxc7 37. Qd7+ Kf8 38. Qxe6 1-0

[Event "NM for klubblag 2019"]
[Site "Scandic Ambassadeur, Drammen"]
[Date "2019.05.30"]
[Round "5"]
[White "Nilssen, StÃ¥le"]
[Black "Kro, Andreas Fuskeland"]
[Result "1/2-1/2"]
[WhiteElo "1598"]
[BlackElo "1422"]
[PlyCount "70"]
[EventDate "2019.??.??"]

1. c4 c6 2. Nc3 Nf6 3. g3 d5 4. cxd5 cxd5 5. d4 Nc6 6. Bg2 Bf5 7. Nf3 e6 8. a3
Be7 9. O-O O-O 10. Bf4 Nh5 11. Bd2 Nf6 12. e3 h6 13. Rc1 a6 14. Re1 Ne4 15. Na4
Rc8 16. Nc5 Bxc5 17. dxc5 Na5 18. Bb4 Nc6 19. Nd4 Bg6 20. Nxc6 Rxc6 21. a4 Qc7
22. Bxe4 Bxe4 23. f3 Bg6 24. Ba3 a5 25. b4 axb4 26. Bxb4 Rc8 27. a5 Qe5 28. Qd2
Qf5 29. Kg2 Qd3 30. Qxd3 Bxd3 31. Rcd1 Bc4 32. e4 Rd8 33. Rd4 Rdc8 34. Red1 Ba2
35. R1d2 Bc4 1/2-1/2

[Event "NM for klubblag 2019"]
[Site "Scandic Ambassadeur, Drammen"]
[Date "2019.05.30"]
[Round "5"]
[White "Strand, Vetle BjÃ¸rge"]
[Black "Lid, Trond Olsen"]
[Result "1-0"]
[WhiteElo "1477"]
[BlackElo "1547"]
[PlyCount "83"]
[EventDate "2019.??.??"]

1. d4 d5 2. c4 e6 3. Nc3 Nf6 4. Bg5 Be7 5. e3 h6 6. Bh4 O-O 7. Nf3 Nbd7 8. Be2
c5 9. Bg3 cxd4 10. Nxd4 dxc4 11. Bxc4 a6 12. O-O b5 13. Nc6 Qe8 14. Nxe7+ Qxe7
15. Bd6 Qe8 16. Be2 b4 17. Bxb4 Ne5 18. Bxf8 Qxf8 19. Bf3 Rb8 20. b3 Qb4 21.
Na4 Qh4 22. h3 g5 23. Qd6 Nxf3+ 24. gxf3 Rb5 25. Qd8+ Kg7 26. Qxc8 Qxh3 27. Qc7
Qxf3 28. Qg3 Qh5 29. Rac1 Rf5 30. Qh2 Qg4+ 31. Qg2 Qh5 32. Rc5 Rf3 33. Rc4 g4
34. Nc3 g3 35. Rf4 Rxf4 36. exf4 Ng4 37. Qxg3 Kh8 38. Rd1 f5 39. Rd8+ Kh7 40.
Rd7+ Kh8 41. Nd5 exd5 42. Qc3+ 1-0

[Event "NM for klubblag 2019"]
[Site "Scandic Ambassadeur, Drammen"]
[Date "2019.05.30"]
[Round "5"]
[White "Omland, Harald"]
[Black "Yilmaz, Kazim"]
[Result "0-1"]
[WhiteElo "1541"]
[BlackElo "1632"]
[PlyCount "114"]
[EventDate "2019.??.??"]

1. f4 d5 2. Nf3 Nf6 3. e3 g6 4. Be2 Bg7 5. O-O O-O 6. Nc3 c5 7. Qe1 Nc6 8. d3
d4 9. exd4 Nxd4 10. Bd1 Bg4 11. Be3 Bxf3 12. gxf3 Nd5 13. Nxd5 Qxd5 14. c3 Nf5
15. Bb3 Qd6 16. Kh1 Nxe3 17. Qxe3 e5 18. fxe5 Qxe5 19. Qxe5 Bxe5 20. f4 Bf6 21.
f5 g5 22. Bd5 Rab8 23. Rae1 b6 24. Rf2 Rfe8 25. Rfe2 Kf8 26. Bc6 Rxe2 27. Rxe2
Rc8 28. Bb5 h5 29. h3 h4 30. Kg2 Rc7 31. Re8+ Kg7 32. Kf3 Re7 33. Rxe7 Bxe7 34.
d4 Kf6 35. Ke4 a5 36. d5 Bd6 37. a3 Ke7 38. Kf3 Be5 39. Ke4 f6 40. Kf3 Kd6 41.
Ke4 Bf4 42. Be2 Bc1 43. a4 Bxb2 44. c4 Be5 45. Bd3 g4 46. hxg4 h3 47. Kf3 h2
48. Kg2 Ke7 49. Be2 Kf7 50. Bf3 Kg7 51. Be2 Kh6 52. Bd3 Kg5 53. Be2 Kf4 54. Bd1
Ke4 55. Be2 Kd4 56. Kh1 Kc3 57. Kg2 Kb4 0-1

[Event "NM for klubblag 2019"]
[Site "Scandic Ambassadeur, Drammen"]
[Date "2019.05.30"]
[Round "5"]
[White "Hammer, Jon Ludvig"]
[Black "Haldorsen, Benjamin"]
[Result "1/2-1/2"]
[WhiteElo "2645"]
[BlackElo "2437"]
[PlyCount "86"]
[EventDate "2019.??.??"]

1. c4 c5 2. Nf3 g6 3. d4 cxd4 4. Nxd4 Nc6 5. e4 Nf6 6. Nc3 d6 7. Be2 Nxd4 8.
Qxd4 Bg7 9. Be3 O-O 10. Qd2 a5 11. Bh6 a4 12. Bxg7 Kxg7 13. O-O Qa5 14. Qd4 Be6
15. Nd5 Bxd5 16. exd5 Rfc8 17. Rfe1 Qc5 18. Qd2 Rc7 19. Rad1 Ra6 20. b4 axb3
21. axb3 Qa7 22. Qc3 b5 23. Ra1 bxc4 24. Bxc4 Rxa1 25. Rxa1 Qb6 26. g4 h6 27.
h4 Kh7 28. g5 Ng4 29. Qf3 Ne5 30. Qf4 h5 31. Kg2 Ra7 32. Rxa7 Qxa7 33. Be2 Qb7
34. Qe4 Qxb3 35. Bxh5 Kg7 36. Be2 Kf8 37. f4 Nd7 38. h5 gxh5 39. Bxh5 Qb2+ 40.
Kg3 Qc3+ 41. Kg4 Qc5 42. Qh7 Qg1+ 43. Kh4 Qh2+ 
1/2-1/2

[Event "NM for klubblag 2019"]
[Site "Scandic Ambassadeur, Drammen"]
[Date "2019.05.30"]
[Round "5"]
[White "Flatebø, Hallvard Haug"]
[Black "DeMac, Elias"]
[Result "0-1"]
[WhiteElo "1858"]
[BlackElo "2201"]
[PlyCount "38"]
[EventDate "2019.??.??"]

1. d4 f5 2. c4 Nf6 3. Nc3 g6 4. g3 Bg7 5. Bg2 O-O 6. Nh3 d6 7. d5 Na6 8. Nf4 e5
9. dxe6 c6 10. O-O Nc5 11. Qc2 g5 12. Nd3 Nxe6 13. e3 Qe8 14. Rb1 Qg6 15. Ne2
f4 16. e4 Nh5 17. f3 Nd4 18. Qd1 Nxe2+ 19. Qxe2 Bd4+
0-1

[Event "NM for klubblag 2019"]
[Site "Scandic Ambassadeur, Drammen"]
[Date "2019.05.30"]
[Round "5"]
[White "GrÃ¸nnestad, Anita"]
[Black "Melkevik, Egil"]
[Result "1-0"]
[WhiteElo "1950"]
[BlackElo "1736"]
[PlyCount "87"]
[EventDate "2019.??.??"]

1. d4 c6 2. c4 d6 3. Nc3 Qc7 4. e4 e5 5. Be3 Nf6 6. h3 Be7 7. Bd3 O-O 8. Nge2
Re8 9. Qd2 Nbd7 10. g4 exd4 11. Nxd4 Ne5 12. Be2 Bf8 13. g5 Nfd7 14. f4 Ng6 15.
h4 Nc5 16. h5 Ne7 17. f5 Nxe4 18. Nxe4 d5 19. Bf4 Qb6 20. c5 Qd8 21. Nd6 Nxf5
22. N4xf5 Bxf5 23. Nxf5 Bxc5 24. Qc3 Bf8 25. Rh2 Re4 26. Bd2 Qb6 27. O-O-O d4
28. Qd3 Qc5+ 29. Qc2 Qxf5 30. Bd3 Qe5 31. Bxe4 Qxh2 32. Rh1 Qe2 33. Bxh7+ Kh8
34. Bd3 Qg2 35. Rf1 Qd5 36. Bc4 Qg2 37. Rxf7 b5 38. Qf5 Bd6 39. Bf1 Qh1 40. Qg6
Be5 41. h6 Rg8 42. Kc2 d3+ 43. Bxd3 Rd8 44. Qh7# 1-0

[Event "NM for klubblag 2019"]
[Site "Scandic Ambassadeur, Drammen"]
[Date "2019.05.30"]
[Round "5"]
[White "Ramirez, Manuel"]
[Black "Madsen, Dag"]
[Result "0-1"]
[WhiteElo "2089"]
[BlackElo "2262"]
[PlyCount "78"]
[EventDate "2019.??.??"]

1. d4 d5 2. c4 c6 3. Nc3 dxc4 4. a4 Nf6 5. e3 e5 6. Bxc4 exd4 7. exd4 Bd6 8.
Nf3 Qe7+ 9. Be3 Ng4 10. O-O O-O 11. Bg5 Bxh2+ 12. Kh1 Qc7 13. g3 Bxg3 14. fxg3
Qxg3 15. Qe1 Qh3+ 16. Kg1 Be6 17. Bxe6 fxe6 18. Qxe6+ Kh8 19. Qe2 Nd7 20. Qg2
Qh5 21. Ne4 h6 22. Bd2 Ndf6 23. Nxf6 Rxf6 24. Ne5 Nxe5 25. Rxf6 gxf6 26. dxe5
Rg8 27. Bc3 Rxg2+ 28. Kxg2 fxe5 29. Re1 Qg4+ 30. Kf2 Qg6 31. Rxe5 Kg8 32. Re8+
Kf7 33. Rh8 Qc2+ 34. Ke1 c5 35. Ra8 Qe4+ 36. Kd1 c4 37. Rxa7 Ke6 38. Bd2 Qb1+
39. Bc1 c3 0-1

[Event "NM for klubblag 2019"]
[Site "Scandic Ambassadeur, Drammen"]
[Date "2019.05.30"]
[Round "5"]
[White "Rueda-Kjeldsen, Juan Carlos"]
[Black "Jakobsen, Kjetil Ansgar"]
[Result "1-0"]
[WhiteElo "1963"]
[BlackElo "1842"]
[PlyCount "71"]
[EventDate "2019.??.??"]

1. Nf3 f5 2. d3 Nc6 3. e4 e5 4. Be2 Nf6 5. Nbd2 Bc5 6. O-O O-O 7. c3 Kh8 8. b4
fxe4 9. bxc5 exf3 10. Nxf3 b6 11. Ba3 bxc5 12. Bxc5 d6 13. Be3 Nd5 14. Qd2 Nce7
15. c4 Nf6 16. Ne1 Ng4 17. Bf3 Rb8 18. Bxa7 Rb7 19. Bxb7 Bxb7 20. Nc2 Ng6 21.
Ne3 h5 22. Nxg4 hxg4 23. Be3 Bxg2 24. Bg5 Qa8 25. f4 Bf3 26. a4 exf4 27. a5 Qe8
28. Rae1 Qf7 29. a6 Ne5 30. a7 Ba8 31. Rb1 f3 32. Rb8 f2+ 33. Rxf2 Nf3+ 34.
Rxf3 Qxf3 35. Rxf8+ Qxf8 36. Qf2 1-0

[Event "NM for klubblag 2019"]
[Site "Scandic Ambassadeur, Drammen"]
[Date "2019.05.30"]
[Round "5"]
[White "Hanssen, Ken Runar"]
[Black "Omtvedt, Per"]
[Result "1/2-1/2"]
[WhiteElo "1594"]
[BlackElo "1894"]
[PlyCount "55"]
[EventDate "2019.??.??"]

1. e4 Nf6 2. e5 Nd5 3. d4 d6 4. Nf3 dxe5 5. Nxe5 c6 6. c3 Nd7 7. f4 g6 8. Bd3
Bg7 9. O-O e6 10. Qe2 O-O 11. Nd2 Qe7 12. Ne4 f5 13. Ng5 Nxe5 14. fxe5 Bd7 15.
Bd2 h6 16. Nh3 Be8 17. Nf4 Nxf4 18. Bxf4 c5 19. Bb5 cxd4 20. cxd4 Bxb5 21. Qxb5
Rfd8 22. Rfd1 Rd5 23. Qe2 Rad8 24. Be3 Qd7 25. Re1 Rc8 26. Rac1 Rxc1 27. Rxc1
g5 28. Rc4 1/2-1/2

[Event "NM for klubblag 2019"]
[Site "Scandic Ambassadeur, Drammen"]
[Date "2019.05.30"]
[Round "5"]
[White "Stenersen, Gudmund"]
[Black "Mihajlov, Svetoslav"]
[Result "1/2-1/2"]
[WhiteElo "2183"]
[BlackElo "2161"]
[PlyCount "104"]
[EventDate "2019.??.??"]

1. e4 c5 2. Nf3 e6 3. c4 Nc6 4. Nc3 a6 5. d4 cxd4 6. Nxd4 Qc7 7. Be3 Nf6 8. Rc1
Ne5 9. f3 d6 10. Be2 Be7 11. O-O O-O 12. Qd2 b6 13. Rfd1 Re8 14. Bf1 Rb8 15. b3
Bf8 16. Qf2 Ned7 17. Kh1 Bb7 18. Qh4 Rbc8 19. g4 h6 20. g5 hxg5 21. Bxg5 Nh7
22. Be3 Qb8 23. Bh3 Be7 24. Qg3 Ndf8 25. Rg1 Bf6 26. Nde2 d5 27. exd5 Qxg3 28.
Rxg3 b5 29. dxe6 Nxe6 30. Ne4 Be5 31. Rgg1 Rcd8 32. Rgd1 Bc6 33. Kg2 Nhf8 34.
Bb6 Rb8 35. Ba7 Ra8 36. Bf2 g6 37. Bg3 Bb2 38. Rc2 Bg7 39. cxb5 Bxb5 40. N2c3
Nd4 41. Rcd2 Nfe6 42. Nd5 Red8 43. Ndf6+ Kh8 44. Kf2 Bh6 45. Be5 Bxd2 46. Ng4+
Kg8 47. Nef6+ Kf8 48. Rxd2 Nf5 49. Nh7+ Ke8 50. Nhf6+ Kf8 51. Nh7+ Ke8 52.
Nhf6+ Kf8 
1/2-1/2

[Event "NM for klubblag 2019"]
[Site "Scandic Ambassadeur, Drammen"]
[Date "2019.05.30"]
[Round "5"]
[White "Dale, Gunnar Brandshaug"]
[Black "Abrahamsson, Roaul"]
[Result "1-0"]
[WhiteElo "2003"]
[BlackElo "1980"]
[PlyCount "87"]
[EventDate "2019.??.??"]

1. e4 d5 2. exd5 Qxd5 3. Nc3 Qa5 4. Bc4 Nf6 5. d3 c6 6. Bd2 Bf5 7. Qe2 e6 8. h3
Be7 9. g4 Bg6 10. O-O-O Qc7 11. f4 b5 12. Bb3 a5 13. a4 b4 14. Ne4 Bxe4 15.
dxe4 Na6 16. g5 Nd7 17. Nf3 Nac5 18. f5 Nxb3+ 19. cxb3 e5 20. Kb1 Nc5 21. Qc4
Nd7 22. Be3 c5 23. Rh2 O-O 24. g6 Bf6 25. Rhd2 Rad8 26. gxf7+ Kh8 27. Ng5 Bxg5
28. Bxg5 Nf6 29. Qe6 Rxd2 30. Rxd2 Qxf7 31. Qxf7 Rxf7 32. Rd8+ Ng8 33. Re8 h6
34. Be3 Re7 35. Rxe7 Nxe7 36. Bxc5 Nc6 37. Kc2 g6 38. Kd3 Kg7 39. fxg6 Kxg6 40.
Kc4 Kg5 41. Kd5 Nb8 42. Kd6 Kf4 43. Ba7 Kxe4 44. Bxb8
1-0

[Event "NM for klubblag 2019"]
[Site "Scandic Ambassadeur, Drammen"]
[Date "2019.05.30"]
[Round "5"]
[White "Leonhardsen, VebjÃ¸rn Maanum"]
[Black "Aarnes, Carl Christian"]
[Result "1-0"]
[WhiteElo "1754"]
[BlackElo "1851"]
[PlyCount "68"]
[EventDate "2019.??.??"]

1. Nf3 d5 2. d4 c5 3. c4 Nf6 4. Bf4 Nc6 5. dxc5 Qa5+ 6. Nc3 dxc4 7. e3 Be6 8.
Qa4 Qxa4 9. Nxa4 O-O-O 10. Be2 Nd5 11. O-O Nxf4 12. exf4 f6 13. Rad1 Bf7 14.
Rxd8+ Kxd8 15. Rc1 Na5 16. Nd2 Be8 17. Nxc4 Nxc4 18. Rxc4 e5 19. fxe5 fxe5 20.
Nc3 Bc6 21. b4 a6 22. a4 Be7 23. b5 Bd7 24. Bf3 axb5 25. axb5 Kc8 26. c6 bxc6
27. bxc6 Be6 28. Ra4 Bd6 29. Ra8+ Bb8 30. Bd5 Bxd5 31. Nxd5 Rd8 32. Rxb8+ Kxb8
33. c7+ Kc8 34. cxd8=Q+ Kxd8 1-0

[Event "NM for klubblag 2019"]
[Site "Scandic Ambassadeur, Drammen"]
[Date "2019.05.30"]
[Round "5"]
[White "Barstad, Thoralf N"]
[Black "Olsen, William Alexander"]
[Result "1/2-1/2"]
[WhiteElo "1710"]
[BlackElo "1744"]
[PlyCount "103"]
[EventDate "2019.??.??"]

1. d4 Nf6 2. c4 e6 3. Nf3 b6 4. g3 Ba6 5. b3 d5 6. cxd5 exd5 7. Bg2 c6 8. O-O
Bd6 9. Re1 O-O 10. Bb2 Nbd7 11. Nc3 Re8 12. e3 Rc8 13. a3 Ne4 14. Nxe4 dxe4 15.
Nd2 Nf6 16. b4 Qe7 17. Rc1 Qe6 18. Qb3 Qxb3 19. Nxb3 Bd3 20. Bf1 Bxf1 21. Rxf1
Nd5 22. Rc2 Rc7 23. Rfc1 Rec8 24. Nd2 f5 25. Nc4 Bf8 26. Ne5 c5 27. dxc5 bxc5
28. bxc5 Bxc5 29. Nd7 Rxd7 30. Rxc5 Rxc5 31. Rxc5 Nxe3 32. fxe3 Rd1+ 33. Kf2
Rd2+ 34. Kf1 Rxb2 35. Rxf5 Rb3 36. Ra5 Rxe3 37. Rxa7 Rb3 38. Ke2 h5 39. a4 Ra3
40. a5 Kh7 41. a6 Kh6 42. Ra8 Kg5 43. a7 Kg4 44. Re8 Rxa7 45. Rxe4+ Kf5 46.
Rf4+ Ke5 47. h4 g6 48. Rb4 Ra2+ 49. Kf3 Ra3+ 50. Kf2 Ra2+ 51. Kf3 Ra3+ 52. Kf2
1/2-1/2

[Event "NM for klubblag 2019"]
[Site "Scandic Ambassadeur, Drammen"]
[Date "2019.05.30"]
[Round "5"]
[White "Pajdzik, Kamil"]
[Black "SÃ¦teren, Erlend"]
[Result "1/2-1/2"]
[WhiteElo "1560"]
[BlackElo "1510"]
[PlyCount "79"]
[EventDate "2019.??.??"]

1. d4 d5 2. c4 Nf6 3. Nc3 c6 4. cxd5 cxd5 5. Nf3 Bg4 6. Qb3 Bxf3 7. Qxb7 Nbd7
8. exf3 e6 9. Bb5 Rb8 10. Qxa7 Bb4 11. Bxd7+ Nxd7 12. O-O Bxc3 13. bxc3 O-O 14.
Bf4 Rc8 15. Qa3 Nb6 16. Qd6 Na4 17. Qxd8 Rfxd8 18. Be3 Nxc3 19. a4 Rc4 20. Kh1
Nxa4 21. Rfc1 Rdc8 22. Rxc4 Rxc4 23. Rb1 Rc8 24. g3 g6 25. Rb5 Kg7 26. g4 h6
27. f4 Nc3 28. Rb2 Ne4 29. Rb6 Rc2 30. Kg2 Nd2 31. Kg3 Rc3 32. h4 Nc4 33. Rc6
Rb3 34. Kf3 Nd2+ 35. Ke2 Nc4 36. f5 Nxe3 37. fxe3 Kf6 38. fxe6 fxe6 39. Kf3 Rb1
40. Rc8 1/2-1/2

[Event "NM for klubblag 2019"]
[Site "Scandic Ambassadeur, Drammen"]
[Date "2019.05.30"]
[Round "5"]
[White "BrentebrÃ¥ten, Tom"]
[Black "Ramasubramanian, Submaranian"]
[Result "0-1"]
[WhiteElo "1359"]
[BlackElo "1446"]
[PlyCount "98"]
[EventDate "2019.??.??"]

1. b4 e5 2. b5 a6 3. c4 axb5 4. cxb5 d5 5. Bb2 Bd6 6. e3 Nf6 7. Nf3 Qe7 8. Be2
O-O 9. O-O Nbd7 10. a4 e4 11. Nd4 Ne5 12. f3 Kh8 13. Nc3 exf3 14. Nxf3 Be6 15.
Nxe5 Bxe5 16. d4 Bd6 17. Bf3 Rad8 18. a5 Bd7 19. Re1 Bb4 20. Qd3 Rfe8 21. a6
bxa6 22. bxa6 Qd6 23. a7 Bc6 24. Ra6 Qd7 25. Ra2 Ra8 26. Rb1 Bd6 27. Bc1 Kg8
28. Ra5 Rad8 29. Nxd5 Nxd5 30. Bxd5 Bxd5 31. Rxd5 Bxh2+ 32. Kxh2 Qxd5 33. Ba3
Ra8 34. Bc5 Qh5+ 35. Kg1 Qg6 36. Qb5 Qe4 37. Rb3 h6 38. Qd3 Qe6 39. Qb5 Qd5 40.
Qa4 f5 41. Rb5 Kf7 42. Ba3 Rxa7 43. Qxa7 Qxb5 44. Qxc7+ Kg8 45. Bc1 Ra8 46. Kf2
Ra2+ 47. Kg3 Qd5 48. Qf4 Qxg2+ 49. Kh4 g5+ 0-1

[Event "NM for klubblag 2019"]
[Site "Scandic Ambassadeur, Drammen"]
[Date "2019.05.30"]
[Round "5"]
[White "Breivik, Lars"]
[Black "Fjellheim, Benjamin"]
[Result "1-0"]
[WhiteElo "2165"]
[BlackElo "1760"]
[PlyCount "101"]
[EventDate "2019.??.??"]

1. c4 e6 2. g3 d5 3. Nf3 Nf6 4. Bg2 Be7 5. O-O O-O 6. b3 c5 7. e3 Nc6 8. Bb2 b6
9. Nc3 Bb7 10. cxd5 Nxd5 11. Nxd5 Qxd5 12. d4 Rfd8 13. Ne5 Qd6 14. Qf3 Nxe5 15.
dxe5 Bxf3 16. exd6 Bf6 17. Bxf3 Bxb2 18. Rab1 Be5 19. Bxa8 Rxa8 20. Rbd1 Rd8
21. Rd2 Kf8 22. Rfd1 Ke8 23. f4 Bc3 24. Rd3 Bb4 25. e4 Kd7 26. a3 Bxa3 27. Ra1
c4 28. bxc4 Bc5+ 29. Kg2 a5 30. e5 Rc8 31. Kf3 Bb4 32. Rc1 a4 33. Ke4 a3 34.
Rb3 Bc5 35. Ra1 Ra8 36. Rb5 Ra4 37. Kd3 g6 38. Ra2 h5 39. Kc3 Ra8 40. Kb3 Kc6
41. Rxc5+ bxc5 42. Rxa3 Rb8+ 43. Kc3 Rb7 44. Ra6+ Kd7 45. Ra8 Rb1 46. Ra7+ Ke8
47. Re7+ Kf8 48. Rc7 Rc1+ 49. Kb3 Rb1+ 50. Kc2 Rh1 51. Rc8+ 1-0

[Event "NM for klubblag 2019"]
[Site "Scandic Ambassadeur, Drammen"]
[Date "2019.05.30"]
[Round "5"]
[White "Wright, Haakon"]
[Black "HjelmÃ¥s, Lars"]
[Result "0-1"]
[WhiteElo "1982"]
[BlackElo "2251"]
[PlyCount "70"]
[EventDate "2019.??.??"]

1. c4 f5 2. g3 g6 3. Bg2 Bg7 4. d4 d6 5. d5 Na6 6. Nh3 e5 7. dxe6 Nc5 8. Ng5
Nh6 9. Nf7 Nxf7 10. exf7+ Kxf7 11. Nc3 Be6 12. Bd5 Re8 13. h4 c6 14. Bf4 Qa5
15. Bxe6+ Rxe6 16. O-O Qb4 17. Rb1 Qxc4 18. Be3 d5 19. b4 Nd7 20. Na4 b6 21.
Qd2 Nf6 22. f3 Rae8 23. Rb3 Nh5 24. Rc1 Qa6 25. g4 fxg4 26. fxg4 Ng3 27. Kg2
Ne4 28. Qd3 Qxa4 29. Ra3 Qxb4 30. Rxa7+ Kg8 31. Bf4 Nc5 32. Rxc5 Qxf4 33. Rc2
Qxg4+ 34. Kf1 Rf8+ 35. Ke1 Bh6 0-1

[Event "NM for klubblag 2019"]
[Site "Scandic Ambassadeur, Drammen"]
[Date "2019.05.30"]
[Round "5"]
[White "Ludvigsen, Frode"]
[Black "Johansen, Aleksander"]
[Result "1-0"]
[WhiteElo "2064"]
[BlackElo "1498"]
[PlyCount "57"]
[EventDate "2019.??.??"]

1. d4 d5 2. c4 dxc4 3. Nf3 Nf6 4. Nc3 Nc6 5. e3 Bg4 6. Bxc4 e6 7. Bb5 a6 8.
Bxc6+ bxc6 9. h3 Bh5 10. g4 Bg6 11. Qa4 Bd6 12. Qxc6+ Nd7 13. e4 Rb8 14. Qxa6
O-O 15. Qe2 c5 16. O-O cxd4 17. Nxd4 Qh4 18. Kg2 f5 19. exf5 exf5 20. Qe6+ Rf7
21. Qxd6 fxg4 22. Nde2 Qxh3+ 23. Kg1 Rb5 24. Qg3 Rf3 25. Qxh3 Rxh3 26. Nf4 Rf3
27. Ncd5 Rc5 28. Nxg6 Rxd5 29. Ne7+ 1-0

[Event "NM for klubblag 2019"]
[Site "Scandic Ambassadeur, Drammen"]
[Date "2019.05.30"]
[Round "5"]
[White "Sneltvedt, Tommy"]
[Black "Solberg, Joachim"]
[Result "0-1"]
[WhiteElo "1573"]
[BlackElo "2170"]
[PlyCount "62"]
[EventDate "2019.??.??"]

1. d4 Nf6 2. c4 e6 3. Nc3 Bb4 4. Qc2 d5 5. e3 O-O 6. Nf3 c5 7. a3 Bxc3+ 8. bxc3
Nc6 9. Bd3 Qc7 10. cxd5 exd5 11. O-O c4 12. Bf5 Re8 13. Nd2 Be6 14. e4 Bxf5 15.
exf5 Re2 16. Qd1 Rae8 17. Nf3 R2e4 18. a4 Qd7 19. Ng5 Rh4 20. g3 Rh5 21. g4 Rh4
22. h3 h5 23. f3 Qd6 24. Ra2 hxg4 25. hxg4 Nh7 26. Nxh7 Rxh7 27. f4 Rh3 28. Rf3
Rxf3 29. Qxf3 Re1+ 30. Kf2 Rxc1 31. Qe3 Rh1 0-1

[Event "NM for klubblag 2019"]
[Site "Scandic Ambassadeur, Drammen"]
[Date "2019.05.30"]
[Round "5"]
[White "Hansen, Roy Drange"]
[Black "Rukovci, Shemsi"]
[Result "0-1"]
[WhiteElo "1518"]
[BlackElo "1914"]
[PlyCount "88"]
[EventDate "2019.??.??"]

1. e4 e5 2. Nf3 Nf6 3. d3 Nc6 4. Be2 h6 5. c3 a5 6. a4 Bc5 7. O-O d6 8. b3 O-O
9. Na3 Qe7 10. Nc2 d5 11. exd5 Nxd5 12. Bb2 Nf4 13. Ne3 Rd8 14. Qc2 Be6 15.
Rfe1 Qf6 16. Bf1 Qg6 17. Rad1 Rd7 18. Nh4 Qh5 19. g3 Rad8 20. Bc1 g5 21. gxf4
gxh4 22. f5 Bxf5 23. Nxf5 Qxf5 24. Bg2 Qh5 25. Be3 Bd6 26. f3 h3 27. Bh1 f5 28.
Qf2 Rg7+ 29. Kf1 Kh7 30. f4 Rdg8 31. Bf3 Qf7 32. fxe5 Rg1+ 33. Ke2 R1g2 34.
Bxg2 Rxg2 35. Qxg2 hxg2 36. exd6 cxd6 37. Rb1 f4 38. Bf2 Qh5+ 39. Kd2 Qf3 40.
Re2 Ne5 41. Rxe5 dxe5 42. Bg1 Qf1 43. Re1 f3 44. Bf2 Qxf2+ 0-1

[Event "NM for klubblag 2019"]
[Site "Scandic Ambassadeur, Drammen"]
[Date "2019.05.30"]
[Round "5"]
[White "HÃ¸iom, Jonas"]
[Black "Syrrist, Guttorm Strande"]
[Result "0-1"]
[WhiteElo "1293"]
[BlackElo "1535"]
[PlyCount "92"]
[EventDate "2019.??.??"]

1. c4 e5 2. Nc3 Bb4 3. Nf3 Nc6 4. g3 Nf6 5. Qc2 O-O 6. Bg2 Bxc3 7. Qxc3 d6 8.
O-O h6 9. d3 Be6 10. a3 a5 11. e4 Qd7 12. Rb1 Bh3 13. Be3 Bxg2 14. Kxg2 Ng4 15.
Rbd1 f5 16. c5 f4 17. Bc1 fxg3 18. fxg3 Qe6 19. h3 Nf6 20. Nh4 Nd7 21. cxd6
cxd6 22. Nf5 Kh7 23. Qc4 Qg6 24. Qb5 Nc5 25. b4 axb4 26. axb4 Ra2+ 27. Rf2
Rxf2+ 28. Kxf2 Rxf5+ 29. exf5 Qxf5+ 30. Kg2 Nd4 31. Rf1 Qxf1+ 32. Kxf1 Nxb5 33.
bxc5 dxc5 34. Ke2 Kg6 35. Ke3 Nd6 36. Bb2 Kf5 37. Kf3 g6 38. Bc1 h5 39. h4 e4+
40. dxe4+ Nxe4 41. Be3 c4 42. Bd4 b5 43. Bb2 c3 44. Bc1 b4 45. Be3 b3 46. Bd4
c2 0-1

[Event "NM for klubblag 2019"]
[Site "Scandic Ambassadeur, Drammen"]
[Date "2019.05.30"]
[Round "5"]
[White "FlemsÃ¦ter, Egil"]
[Black "Lindmo, Arne K"]
[Result "0-1"]
[WhiteElo "1408"]
[BlackElo "1778"]
[PlyCount "58"]
[EventDate "2019.??.??"]

1. e4 c6 2. d4 d5 3. e5 Bf5 4. Nf3 e6 5. Bd3 Bxd3 6. Qxd3 c5 7. c3 Nc6 8. O-O
Qb6 9. b3 cxd4 10. cxd4 Rc8 11. Ba3 Bxa3 12. Nxa3 a6 13. Rac1 Nge7 14. Nb1 O-O
15. Nc3 Nf5 16. Ne2 h6 17. g4 Nfe7 18. h4 f6 19. Nf4 fxe5 20. Ng6 e4 21. Nxe7+
Nxe7 22. Qd2 Rxc1 23. Qxc1 Rxf3 24. g5 h5 25. g6 Rf5 26. Kh1 Qd8 27. Qe3 Nxg6
28. Qg3 Qxh4+ 29. Kg2 Rg5 0-1

[Event "NM for klubblag 2019"]
[Site "Scandic Ambassadeur, Drammen"]
[Date "2019.05.30"]
[Round "5"]
[White "Kjær, Robin"]
[Black "Auke, Morthen"]
[Result "1-0"]
[WhiteElo "1343"]
[BlackElo "1270"]
[PlyCount "29"]
[EventDate "2019.??.??"]

1. e4 e6 2. d4 b6 3. Nf3 Bb7 4. Nc3 Bb4 5. Bd3 Bxc3+ 6. bxc3 Ne7 7. Bg5 O-O 8.
e5 Qe8 9. Qd2 Bxf3 10. gxf3 Nf5 11. Rg1 Kh8 12. Qf4 h6 13. Bxf5 hxg5 14. Qxg5
exf5 15. Qxg7#
1-0

[Event "NM for klubblag 2019"]
[Site "Scandic Ambassadeur, Drammen"]
[Date "2019.05.30"]
[Round "5"]
[White "Marthinussen, Tias Lian"]
[Black "Olsen, Rudi B."]
[Result "1-0"]
[WhiteElo "1162"]
[BlackElo "1345"]
[PlyCount "59"]
[EventDate "2019.??.??"]

1. e4 c5 2. Nf3 Nc6 3. Nc3 e6 4. g3 Be7 5. d3 d6 6. Bg2 Nf6 7. O-O e5 8. Bg5
O-O 9. Bxf6 Bxf6 10. Nd5 Nd4 11. Nxd4 exd4 12. Qf3 Be7 13. Qf4 Bg5 14. Qf3 Be6
15. Qh5 Bxd5 16. exd5 Qf6 17. Be4 Qh6 18. Qg4 Rae8 19. f4 Bd8 20. Rf3 Kh8 21.
h4 g6 22. f5 g5 23. Raf1 f6 24. Kg2 Rg8 25. Rh1 Qf8 26. Qh5 Rg7 27. Qh6 c4 28.
hxg5 fxg5 29. f6 Rxe4 30. fxg7+ 1-0

[Event "NM for klubblag 2019"]
[Site "Scandic Ambassadeur, Drammen"]
[Date "2019.05.30"]
[Round "5"]
[White "Dyrnes, Jussi"]
[Black "Lien, Kjell HÃ¥kon"]
[Result "0-1"]
[WhiteElo "1774"]
[BlackElo "2214"]
[PlyCount "102"]
[EventDate "2019.??.??"]

1. d4 g6 2. Bf4 Bg7 3. Nc3 d6 4. Nf3 Nd7 5. e3 c5 6. Be2 Ngf6 7. h3 O-O 8. O-O
a6 9. a4 b6 10. Qd2 Bb7 11. d5 Rc8 12. e4 c4 13. Bh6 Nc5 14. Bxg7 Kxg7 15. Qd4
e5 16. Qe3 b5 17. axb5 axb5 18. Nd2 Qb6 19. b3 cxb3 20. Nxb3 b4 21. Nxc5 Qxc5
22. Nb5 Qxe3 23. fxe3 Nxe4 24. Bd3 Rc5 25. Ra7 Bxd5 26. Nc7 Nc3 27. e4 Ba2 28.
Ra1 Kh6 29. g4 Kg5 30. Na6 Rcc8 31. Nxb4 Bc4 32. Rd7 Bxd3 33. cxd3 Rb8 34. Nc6
Rb2 35. Nd8 Ne2+ 36. Kf1 Kh4 37. Rxd6 Kxh3 38. Ra7 Ng3+ 39. Ke1 Rb8 40. Nxf7
Rb2 41. Rd8 Rxd8 42. Nxd8 Kxg4 43. Rxh7 Kf4 44. Rh3 g5 45. Ne6+ Kg4 46. Rh8 Rb6
47. Nc5 Rd6 48. Re8 Kf4 49. Ne6+ Ke3 50. Nxg5 Rc6 51. Kd1 Ne2 0-1

[Event "NM for klubblag 2019"]
[Site "Scandic Ambassadeur, Drammen"]
[Date "2019.05.30"]
[Round "5"]
[White "Lystad, Frank"]
[Black "Ugland, Torge"]
[Result "1/2-1/2"]
[WhiteElo "1771"]
[BlackElo "1592"]
[PlyCount "49"]
[EventDate "2019.??.??"]

1. d4 d5 2. Bf4 Nf6 3. e3 Bf5 4. Nd2 e6 5. Ngf3 Be7 6. Ne5 Nbd7 7. g4 Bg6 8.
Nxg6 hxg6 9. Bd3 Nb6 10. Qe2 Bd6 11. Bxd6 Qxd6 12. f3 O-O-O 13. O-O-O Nfd7 14.
c4 dxc4 15. Nxc4 Nxc4 16. Bxc4 Nb6 17. Bd3 Nd5 18. Kb1 Qb6 19. Rc1 Kb8 20. Rc5
c6 21. a3 Rhe8 22. Rhc1 e5 23. dxe5 Rxe5 24. Be4 f5 25. Bxd5 1/2-1/2